[Event "IIFL Wealth 4th Mumbai GM"]
[Site "Mumbai"]
[Date "2019.01.05"]
[Round "7"]
[White "Khusenkhojaev, Muhammad"]
[Black "Bhambure, Shantanu"]
[Result "1-0"]
[WhiteElo "2455"]
[BlackElo "2223"]
[Annotator "RC"]
[PlyCount "87"]
[EventDate "2018.12.30"]
[EventType "swiss"]
[EventCountry "IND"]
[SourceTitle "playchess.com"]
[Source "ChessBase"]
[SourceQuality "1"]
[TimeControl "40/5400+30:1800+30"]

1. d4 {[%emt 0:00:00]} Nf6 {[%emt 0:00:00]} 2. c4 {[%emt 0:00:00]} e6 {[%emt 0:00:00]} 3. g3 {[%emt 0:00:00]} d5 {[%emt 0:00:20]} 4. Nf3 {[%emt 0:00:10]} dxc4 {[%emt 0:00:54]} 5. Bg2 {[%emt 0:00:15]} a6 {[%emt 0:00:16]} 6. O-O {[%emt 0:00:28]} Nc6 {[%emt 0:00:20]} 7. e3 {[%emt 0:00:15]} Bd7 {[%emt 0:00:46]} 8. Qe2 {[%emt 0:00:15]} Bd6 {[%emt 0:00:35]} 9. Qxc4 {[%emt 0:01:04]} O-O {[%emt 0:00:36]} 10. Rd1 {[%emt 0:02:38]} Rb8 {[%emt 0:01:32]} 11. Qc2 {[%emt 0:02:25]} Qe7 {[%emt 0:06:13]} 12. Nbd2 {[%emt 0:01:21]} Nb4 {[%emt 0:02:14]} 13. Qb1 {[%emt 0:17:28]} Bb5 {[%emt 0:05:10]} 14. Nf1 {[%emt 0:00:43]} Bc6 {[%emt 0:06:43]} 15. N1d2 {[%emt 0:00:19]} Bb5 {[%emt 0:04:00]} 16. Bf1 {[%emt 0:02:16]} Bxf1 {[%emt 0:01:23]} 17. Rxf1 {[%emt 0:01:58]} c5 {[%emt 0:08:13]} 18. a3 {[%emt 0:01:47]} Nc6 {[%emt 0:00:52]} 19. dxc5 {[%emt 0:00:30]} Bxc5 {[%emt 0:00:09]} 20. b4 {[%emt 0:00:09]} Ba7 {[%emt 0:01:41]} 21. Bb2 {[%emt 0:00:14]} Rfd8 {[%emt 0:02:25]} 22. Ne4 {[%emt 0:03:36]} Nxe4 {[%emt 0:06:05]} 23. Qxe4 {[%emt 0:00:05]} Rd5 {[%emt 0:01:07]} 24. Rad1 {[%emt 0:03:36]} Rbd8 {[%emt 0:00:45]} 25. Rxd5 {[%emt 0:00:07]} Rxd5 {[%emt 0:00:13]} 26. h4 {[%emt 0:00:54]} f6 {[%emt 0:03:24]} 27. Rc1 {[%emt 0:00:42]} Qd7 {[%emt 0:03:04]} 28. Kg2 {[%emt 0:00:12]} a5 {[%emt 0:05:22]} 29. Qc4 {[%emt 0:06:28]} axb4 {[%emt 0:01:41]} 30. axb4 {[%emt 0:00:16]} Bb6 {[%emt 0:07:42]} 31. Ra1 {[%emt 0:04:29]} Qe7 {[%emt 0:07:51]} 32. Bc3 {[%emt 0:07:35]} Rd8 {[%emt 0:06:18]} 33. b5 {[%emt 0:05:00]} Nb8 {[%emt 0:00:57]} 34. Ra8 {[%emt 0:03:15]} Nc6 {[%emt 0:05:40]} 35. Ra2 {[%emt 0:02:11]} Nb8 {[%emt 0:00:53]} 36. Nd4 {[%emt 0:05:11]} Bxd4 {[%emt 0:01:32]} 37. Bxd4 {[%emt 0:00:07]} b6 {[%emt 0:03:49]} 38. Kh2 {[%emt 0:03:13]} Qd6 {[%emt 0:01:48]} 39. Ra7 {[%emt 0:08:12]} Nd7 {[%emt 0:03:06]} 40. Qc6 {[%emt 0:00:00]} Qxc6 {[%emt 0:00:00]} 41. bxc6 {[%emt 0:00:22]} Nc5 {[%emt 0:02:07]} 42. Bxc5 {[%emt 0:00:19]} bxc5 {[%emt 0:00:02]} 43. Rd7 {[%emt 0:00:18]} Re8 {[%emt 0:01:11]} 44. c7 {[%emt 0:00:20]} 1-0

[Event "IIFL Wealth 4th Mumbai GM"]
[Site "Mumbai"]
[Date "2019.01.05"]
[Round "7"]
[White "Shyaamnikhil P"]
[Black "Pranesh M"]
[Result "1/2-1/2"]
[WhiteElo "2448"]
[BlackElo "2125"]
[Annotator "NA"]
[PlyCount "84"]
[EventDate "2018.12.30"]
[EventType "swiss"]
[EventCountry "IND"]
[SourceTitle "playchess.com"]
[Source "ChessBase"]
[SourceQuality "1"]
[TimeControl "40/5400+30:1800+30"]

1. Nf3 {[%emt 0:00:44]} Nf6 {[%emt 0:00:00]} 2. b3 {[%emt 0:00:11]} g6 {[%emt 0:00:00]} 3. Bb2 {[%emt 0:00:07]} Bg7 {[%emt 0:00:00]} 4. g3 {[%emt 0:00:11]} c5 {[%emt 0:00:02]} 5. Bg2 {[%emt 0:00:09]} Nc6 {[%emt 0:00:20]} 6. O-O {[%emt 0:01:36]} d6 {[%emt 0:00:20]} 7. d4 {[%emt 0:02:01]} cxd4 {[%emt 0:00:19]} 8. Nxd4 {[%emt 0:00:18]} Bd7 {[%emt 0:00:03]} 9. c4 {[%emt 0:00:33]} O-O {[%emt 0:00:17]} 10. Nc3 {[%emt 0:01:56]} Nxd4 {[%emt 0:00:35]} 11. Qxd4 {[%emt 0:00:13]} Bc6 {[%emt 0:00:06]} 12. Nd5 {[%emt 0:04:20]} Bxd5 {[%emt 0:02:49]} 13. Bxd5 {[%emt 0:00:15]} Qd7 {[%emt 0:01:23]} 14. Rad1 {[%emt 0:03:01]} Nh5 {[%emt 0:01:27]} 15. Qd2 {[%emt 0:00:13]} Bxb2 {[%emt 0:00:33]} 16. Qxb2 {[%emt 0:00:07]} Rac8 {[%emt 0:00:21]} 17. Rd4 {[%emt 0:05:07]} Nf6 {[%emt 0:01:04]} 18. Rfd1 {[%emt 0:03:02]} b6 {[%emt 0:01:36]} 19. Bf3 {[%emt 0:02:40]} Qe6 {[%emt 0:01:17]} 20. Qd2 {[%emt 0:01:13]} Rc5 {[%emt 0:01:15]} 21. Qh6 {[%emt 0:04:14]} Qe5 {[%emt 0:02:19]} 22. Rh4 {[%emt 0:07:32]} Rfc8 {[%emt 0:03:02]} 23. Kg2 {[%emt 0:04:06]} Qg5 {[%emt 0:07:01]} 24. Qxg5 {[%emt 0:02:09]} Rxg5 {[%emt 0:00:06]} 25. b4 {[%emt 0:03:16]} a5 {[%emt 0:05:45]} 26. a3 {[%emt 0:00:36]} axb4 {[%emt 0:02:33]} 27. axb4 {[%emt 0:02:15]} Re5 {[%emt 0:04:37]} 28. e3 {[%emt 0:03:55]} b5 {[%emt 0:01:31]} 29. cxb5 {[%emt 0:11:54]} Rxb5 {[%emt 0:00:29]} 30. Be2 {[%emt 0:00:16]} Rb6 {[%emt 0:02:10]} 31. Rhd4 {[%emt 0:06:09]} e6 {[%emt 0:02:36]} 32. Rxd6 {[%emt 0:04:38]} Rxb4 {[%emt 0:00:22]} 33. Rd8+ {[%emt 0:00:06]} Rxd8 {[%emt 0:00:06]} 34. Rxd8+ {[%emt 0:00:06]} Kg7 {[%emt 0:00:04]} 35. Rd2 {[%emt 0:00:15]} Rb7 {[%emt 0:01:31]} 36. Bf3 {[%emt 0:00:15]} Rd7 {[%emt 0:00:06]} 37. Rb2 {[%emt 0:00:06]} Nd5 {[%emt 0:00:45]} 38. h4 {[%emt 0:00:14]} h5 {[%emt 0:00:12]} 39. Be4 {[%emt 0:00:12]} Nf6 {[%emt 0:00:16]} 40. Bf3 {[%emt 0:00:00]} Nd5 {[%emt 0:00:00]} 41. Be4 {[%emt 0:00:09]} Nf6 {[%emt 0:00:09]} 42. Bf3 {[%emt 0:00:04]} Nd5 {[%emt 0:00:03]} 1/2-1/2

[Event "IIFL Wealth 4th Mumbai GM"]
[Site "Mumbai"]
[Date "2019.01.05"]
[Round "7"]
[White "Lugovskoy, Maxim"]
[Black "Rozum, Ivan"]
[Result "0-1"]
[WhiteElo "2445"]
[BlackElo "2589"]
[Annotator "TA"]
[PlyCount "104"]
[EventDate "2018.12.30"]
[EventType "swiss"]
[EventCountry "IND"]
[SourceTitle "playchess.com"]
[Source "ChessBase"]
[SourceQuality "1"]

{[%evp 16,104,39,36,33,40,35,26,39,35,34,22,62,71,56,55,77,22,8,-38,-31,-37,-24,-30,-45,-16,-8,-19,10,0,0,0,-7,-72,-60,-47,-49,-81,-90,-74,-79,-135,-119,-197,-185,-172,-127,-196,-212,-256,-254,-298,-284,-339,-339,-320,-315,-412,-426,-609,-629,-659,-654,-659,-654,-648,-648,-633,-629,-2661,-2685,-2130,-2182,-1971,-1847,-29970,-29972,-29982,-29983,-29983,-29984,-29984,-29985,-29989,-29990,-29990,-29991,-29992,-29993,-29996,-29997]} 1. e4 d6 2. d4 Nf6 3. Nc3 e5 4. dxe5 dxe5 5. Qxd8+ Kxd8 6. Bc4 Ke8 7. Nf3 Bd6 8. Be3 {B07: Pirc Defence: Miscellaneous Systems} a6 9. O-O-O {LiveBook: 5 Games} (9. a3 h6 10. h3 Ke7 11. O-O-O Be6 12. Nd2 Nbd7 13. Bxe6 Kxe6 14. Nc4 Rac8 15. f3 Bc5 16. Bxc5 Nxc5 {½-½ (41) Salgado Lopez,I (2627)-Jobava,B (2687) Tbilisi 2017}) 9... b5 10. Bd5 {White is slightly better.} Nxd5 11. Nxd5 {Hoping for Nb6.} Nd7 {[%cal Bb8d7,Bd7f6,Bf6g4][%mdl 32]} 12. c4 bxc4 13. Nd2 {[#]} c3 $146 ({Predecessor:} 13... Nf6 14. Nxc4 Nxd5 15. Rxd5 Be6 16. Nxd6+ cxd6 17. Rxd6 Bxa2 {½-½ (28) Gonzalez Perez,A (2461)-Strikovic,A (2509) Leiria 2017}) 14. Nxc3 Nf6 15. Nc4 Ke7 16. f4 (16. Bg5 $16) 16... exf4 $11 17. Bd4 Be6 $1 18. Na5 {And now e5 would win.} Ng4 $36 {[%mdl 2048] Black has some pressure.} 19. Bxg7 Rhg8 20. Bd4 $1 f6 21. g3 Rg7 22. gxf4 Bxf4+ {[%mdl 64] Double Attack} 23. Kb1 Bxh2 24. Nc6+ (24. Rdf1 $11 {remains equal.}) 24... Kf7 $17 25. Rdf1 {aiming for Rxh2!} Rg6 26. Rd1 h6 27. Bc5 Rgg8 28. Nd5 {[#]} (28. Rd2 $142 Bf4 29. Rdd1) 28... Rg5 $1 29. Rhf1 (29. Rd2 $17) 29... Bxd5 $19 30. exd5 Re8 31. Rd4 {[#]} (31. Nb4 $17) 31... h5 $1 32. a4 h4 33. a5 Bg3 34. Rd3 Ne5 35. Nxe5+ Rexe5 ({Don't do} 35... Bxe5 36. Bd4 $19) ({Don't play} 35... Rgxe5 36. b4 $19) 36. b4 Rxd5 37. Rdf3 (37. Kc2 $142) 37... Be5 38. Kc2 Rg3 39. Kb3 h3 40. Rxg3 Bxg3 {[%mdl 4096] Endgame KRB-KRB} 41. Kc4 Rh5 42. b5 axb5+ 43. Kb4 h2 44. Rh1 Re5 45. a6 Re1 {Black mates.} 46. a7 Rxh1 47. a8=Q Rb1+ 48. Kc3 h1=Q 49. Qf8+ Ke6 50. Qc8+ Kd5 51. Qd7+ Kxc5 52. Qd1 b4+ {Accuracy: White = 32%, Black = 89%.} 0-1

[Event "IIFL Wealth 4th Mumbai GM"]
[Site "Mumbai"]
[Date "2019.01.05"]
[Round "7"]
[White "Akash G"]
[Black "Subrota, Biswas"]
[Result "1/2-1/2"]
[WhiteElo "2443"]
[BlackElo "2171"]
[Annotator "TA"]
[PlyCount "96"]
[EventDate "2018.12.30"]
[EventType "swiss"]
[EventCountry "IND"]
[SourceTitle "playchess.com"]
[Source "ChessBase"]
[SourceQuality "1"]

{[%evp 14,96,15,11,16,32,25,25,29,26,29,13,24,17,20,-31,-24,-68,71,63,68,66,61,61,67,57,57,56,56,64,63,62,102,91,78,75,84,65,147,29,29,31,37,35,89,45,75,47,93,43,77,29,28,0,0,0,0,0,0,-75,0,-33,0,-100,-91,-118,-51,-139,-60,-64,-28,-30,-24,-27,-25,-22,-27,-30,-28,-31,-28,-28,0,0,0]} 1. Nf3 f5 2. d3 {[%cal Bd2d3,Bd3d4][%mdl 32]} Nc6 3. e4 e5 4. Nc3 Bb4 5. d4 (5. exf5 d5 6. d4 e4 7. Bg5 Be7 8. Bxe7 Ngxe7 9. Nh4 Bxf5 10. Qh5+ g6 11. Qh6 Qd6 12. Bb5 {½-½ (30) Malakhov,V (2654)-Ivanchuk,V (2714) Zagreb 2018}) 5... fxe4 6. Nxe5 {C40: Latvian and Elephant Gambits} Nf6 7. Be2 $146 ({Predecessor:} 7. Bc4 d5 8. Bb3 Qe7 9. Bf4 Nd8 10. Bg5 c6 11. O-O Ne6 12. Bxf6 Qxf6 13. Bxd5 cxd5 14. Nxd5 {1-0 (21) Anton Guijarro,D (2469)-Valles Moreno,I (2391) Madrid 2012}) 7... O-O 8. O-O {LiveBook: 3 Games} d6 9. Nxc6 bxc6 10. Na4 d5 11. c4 Be7 12. Nc3 Be6 13. Qa4 Qd6 14. cxd5 (14. c5 $11 Qd7 15. h3) 14... cxd5 $15 15. Bg5 Ng4 (15... Rab8 $15 {keeps the upper hand.}) 16. Bxg4 $1 $16 Bxg5 17. Nb5 {[%mdl 64] [#] Double Attack} Bd7 18. Nxd6 Bxa4 19. Be6+ Kh8 20. Nf7+ Rxf7 $1 21. Bxf7 c6 22. Bh5 Bb5 23. Rfe1 Bd2 24. Red1 Bh6 25. b3 a5 ({Black should try} 25... g6 $14 26. Bg4 Rf8) 26. a3 ({White has to play} 26. a4 $16 Bd3 27. Ra2) 26... g6 $11 27. Bg4 a4 28. b4 Bc4 (28... Rf8 $14) 29. Bd7 Ra6 30. Rab1 Rb6 31. g3 Kg8 32. Bh3 Kf7 33. Bf1 Bb3 34. Rdc1 Ke6 35. Be2 Kd6 36. Bd1 (36. Kg2 $11) 36... Bc4 (36... Bxc1 $17 37. Rxc1 Bxd1 38. Rxd1 g5) 37. Bc2 e3 38. Re1 (38. fxe3 $11 Bxe3+ {[%mdl 64] Double Attack} 39. Kg2) 38... e2 $17 39. f4 Bg7 (39... Rb8 $17 {...Bg7 is the strong threat.} 40. Kf2 (40. Bxa4 Bg7 $17) 40... Re8) 40. Kg2 (40. Kf2 $1 $15) 40... Bxd4 (40... Rb7 $17 41. Bd1 exd1=N 42. Rbxd1 Rb8) 41. Kf3 $1 $15 Rb7 {[#] aiming for ...Re7.} (41... g5 $5 42. h4 gxf4 43. gxf4 Rb7 44. Rxe2 Bxe2+ 45. Kxe2 Re7+ 46. Kd3 Bb6 47. Bxa4 Re3+ 48. Kc2 Rxa3 $17) 42. Rxe2 Bxe2+ 43. Kxe2 $11 {[%mdl 4096] Endgame KRB-KRB} Re7+ 44. Kd3 Bb6 {Threatens to win with ...Re3+.} 45. Bxa4 Re3+ 46. Kc2 Rxa3 47. Bb3 Bd4 48. Rd1 Bb6 {Accuracy: White = 39%, Black = 47%.} 1/2-1/2

[Event "IIFL Wealth 4th Mumbai GM"]
[Site "Mumbai"]
[Date "2019.01.05"]
[Round "7"]
[White "Mohammad Nubairshah Shaikh"]
[Black "Saurabh Anand"]
[Result "0-1"]
[WhiteElo "2437"]
[BlackElo "2246"]
[Annotator "TA"]
[PlyCount "68"]
[EventDate "2018.12.30"]
[EventType "swiss"]
[EventCountry "IND"]
[SourceTitle "playchess.com"]
[Source "ChessBase"]
[SourceQuality "1"]

{[%evp 11,68,-14,0,-4,-4,-6,0,-4,-2,-5,-9,-15,-20,-127,-139,-122,-111,-178,-175,-187,-181,-237,-248,-247,-216,-210,-216,-243,-234,-227,-222,-285,-314,-802,-793,-752,-735,-1149,-836,-1152,-1150,-2706,-1947,-5365,-5293,-29981,-29982,-29986,-29987,-29983,-29979,-29978,-29979,-29975,-29976,-29982,-29983,-29988,-29985]} 1. Nf3 d5 2. d4 Nf6 3. c4 e6 4. Nc3 Be7 5. e3 O-O 6. Qc2 b6 {LiveBook: 25 Games} 7. Be2 {D37: Queen's Gambit Declined: 5 Bf4} dxc4 (7... c5 8. O-O Bb7 9. Rd1 cxd4 10. Nxd4 Qc8 11. Bf3 dxc4 12. Qe2 Bxf3 13. Qxf3 Na6 14. Nc6 Qb7 15. Rd4 Rac8 16. Rxc4 Bc5 {½-½ (28) Cruz,J (2450)-Harutyunian,T (2472) Badalona 2015}) 8. O-O Bb7 9. Rd1 {The position is equal.} Nbd7 10. e4 $146 ({Predecessor:} 10. Ne5 Nd5 11. a3 Nxc3 12. bxc3 b5 13. Bb2 Nf6 14. Bf3 Bxf3 15. Nxf3 Qd5 {0-1 (51) Krips,S-Niephaus,F Bruchkoebel 1993}) 10... c5 11. d5 exd5 12. e5 {[#]} (12. exd5 $11 {remains equal.} Bd6 13. Bxc4) 12... d4 $1 $17 {Hoping for ...Nd5.} 13. exf6 Bxf6 14. Qf5 (14. Bxc4 $17 {keeps fighting.} dxc3 15. bxc3) 14... dxc3 $19 15. bxc3 Qe8 16. Qxd7 (16. Be3 {was called for.} Ne5 17. Ng5 Bxg5 18. Qxg5) 16... Qxe2 $40 {[%mdl 128] Black has strong attack.} 17. Re1 Qd3 18. Qxb7 Bxc3 {[%mdl 64] Double Attack, Trapped Piece} 19. Be3 Bxa1 ({Don't play} 19... Bxe1 20. Rxe1 Qc2 21. h3) 20. Rxa1 c3 {...c2 is the strong threat.} 21. Rc1 Rae8 22. Kh1 $2 (22. Bf4) 22... Rxe3 23. fxe3 c2 24. Ng1 Qd1 25. Rxc2 Qxc2 26. Qxa7 {[%mdl 4096] Endgame KQR-KQN} c4 27. h4 c3 28. Qc7 Qd2 {Black mates.} 29. Qc4 c2 30. Ne2 {[#]} Qxe2 $1 {[%mdl 576] Remove Defender, Promotion} 31. Qxe2 c1=Q+ 32. Kh2 Re8 33. Qd3 Qxe3 34. Qd5 Qe5+ {Accuracy: White = 30%, Black = 91%.} 0-1

[Event "IIFL Wealth 4th Mumbai GM"]
[Site "Mumbai"]
[Date "2019.01.05"]
[Round "7"]
[White "Manik, Mikulas"]
[Black "Divya Deshmukh"]
[Result "1-0"]
[WhiteElo "2410"]
[BlackElo "2190"]
[Annotator "NA RC"]
[PlyCount "62"]
[EventDate "2018.12.30"]
[EventType "swiss"]
[EventCountry "IND"]
[SourceTitle "playchess.com"]
[Source "ChessBase"]
[SourceQuality "1"]
[TimeControl "40/5400+30:1800+30"]

1. e4 c5 2. Nf3 d6 3. d4 cxd4 4. Nxd4 Nf6 5. Nc3 a6 6. Be2 e6 7. Be3 Be7 8. f4 Qc7 9. O-O O-O 10. Bf3 Nc6 11. Kh1 {[%emt 0:08:08]} Na5 12. Qe1 Nc4 13. Bc1 e5 14. fxe5 Nxe5 15. Bg5 Qc5 16. Nf5 Bxf5 17. exf5 Rfe8 18. Bxb7 Rab8 19. Bxa6 Qa5 20. Be2 Rxb2 21. Rc1 Rc8 22. Bd2 Qa8 23. Qg3 Kh8 24. a4 Rc5 25. Bb5 Qc8 26. Qe1 Bd8 27. Ne4 Nxe4 28. Qxe4 Rbxc2 29. Rcd1 Rb2 30. Bc1 Rbxb5 31. axb5 Bb6 1-0

[Event "IIFL Wealth 4th Mumbai GM"]
[Site "Mumbai"]
[Date "2019.01.05"]
[Round "7"]
[White "Mohammad Fahad, Rahman"]
[Black "Gajek, Radoslaw"]
[Result "0-1"]
[WhiteElo "2381"]
[BlackElo "2475"]
[Annotator "ChessBase"]
[PlyCount "50"]
[EventDate "2018.12.30"]
[EventType "swiss"]
[EventCountry "IND"]
[SourceTitle "playchess.com"]
[Source "ChessBase"]
[SourceQuality "1"]
[TimeControl "40/5400+30:1800+30"]

1. e4 {[%emt 0:00:00]} e6 {[%emt 0:00:00]} 2. d4 {[%emt 0:00:00]} d5 {[%emt 0:00:00]} 3. Nc3 {[%emt 0:00:29]} Nf6 {[%emt 0:00:00]} 4. Bg5 {[%emt 0:00:06]} dxe4 {[%emt 0:00:00]} 5. Nxe4 {[%emt 0:00:08]} Be7 {[%emt 0:00:00]} 6. Bxf6 {[%emt 0:02:54]} gxf6 {[%emt 0:01:51]} 7. Nf3 {[%emt 0:01:59]} f5 {[%emt 0:00:06]} 8. Nc3 {[%emt 0:01:29]} a6 {[%emt 0:00:06]} 9. a4 {[%emt 0:01:40]} Qd6 {[%emt 0:07:18]} 10. Bc4 {[%emt 0:12:03]} c5 {[%emt 0:35:31]} 11. dxc5 {[%emt 0:05:15]} Qxc5 {[%emt 0:02:26]} 12. Qe2 {[%emt 0:00:27]} Nc6 {[%emt 0:00:27]} 13. Rd1 {[%emt 0:04:46]} Bd7 {[%emt 0:01:31]} 14. O-O {[%emt 0:03:18]} Rd8 {[%emt 0:08:26]} 15. Rfe1 {[%emt 0:03:10]} O-O {[%emt 0:01:02]} 16. Bb3 {[%emt 0:21:47]} Bf6 {[%emt 0:02:04]} 17. Qe3 {[%emt 0:07:45]} Qxe3 {[%emt 0:01:19]} 18. Rxe3 {[%emt 0:00:21]} Nb4 {[%emt 0:01:29]} 19. Ne5 {[%emt 0:03:25]} Bc8 {[%emt 0:01:10]} 20. Kf1 {[%emt 0:02:55]} Rxd1+ {[%emt 0:01:04]} 21. Nxd1 {[%emt 0:00:01]} Rd8 {[%emt 0:00:09]} 22. Ke2 {[%emt 0:07:38]} b6 {[%emt 0:07:09]} 23. c3 {[%emt 0:03:04]} Bxe5 {[%emt 0:02:23]} 24. Rxe5 {[%emt 0:00:59]} Nd3 {[%emt 0:00:08]} 25. Re3 {[%emt 0:00:23]} Nc1+ {[%emt 0:00:05]} 0-1

[Event "IIFL Wealth 4th Mumbai GM"]
[Site "Mumbai"]
[Date "2019.01.05"]
[Round "7"]
[White "Raghunandan, Kaumandur Srihari"]
[Black "Harshavardhan G B"]
[Result "0-1"]
[WhiteElo "2378"]
[BlackElo "2163"]
[Annotator "NA"]
[PlyCount "116"]
[EventDate "2018.12.30"]
[EventType "swiss"]
[EventCountry "IND"]
[SourceTitle "playchess.com"]
[Source "ChessBase"]
[SourceQuality "1"]
[TimeControl "40/5400+30:1800+30"]

1. e4 {[%emt 0:00:00]} c5 {[%emt 0:00:00]} 2. Nf3 {[%emt 0:00:00]} d6 {[%emt 0:00:00]} 3. d4 {[%emt 0:00:17]} cxd4 {[%emt 0:00:00]} 4. Nxd4 {[%emt 0:00:06]} Nf6 {[%emt 0:00:00]} 5. Nc3 {[%emt 0:00:07]} Nc6 {[%emt 0:00:01]} 6. Bg5 {[%emt 0:00:07]} e6 {[%emt 0:00:04]} 7. Qd2 {[%emt 0:00:06]} a6 {[%emt 0:00:04]} 8. O-O-O {[%emt 0:00:16]} Bd7 {[%emt 0:00:04]} 9. f4 {[%emt 0:01:22]} Qc7 {[%emt 0:00:16]} 10. Nf3 {[%emt 0:07:20]} O-O-O {[%emt 0:01:27]} 11. Bd3 {[%emt 0:02:44]} Be7 {[%emt 0:03:39]} 12. Rhe1 {[%emt 0:00:37]} h6 {[%emt 0:01:03]} 13. Bh4 {[%emt 0:00:07]} Nb4 {[%emt 0:15:57]} 14. Bf1 {[%emt 0:05:41]} Rhe8 {[%emt 0:21:42]} 15. a3 {[%emt 0:14:44]} Nc6 {[%emt 0:00:16]} 16. Bf2 {[%emt 0:24:07]} Na5 {[%emt 0:06:15]} 17. Kb1 {[%emt 0:03:09]} b5 {[%emt 0:03:03]} 18. a4 {[%emt 0:12:34]} Nc4 {[%emt 0:03:58]} 19. Bxc4 {[%emt 0:00:06]} Qxc4 {[%emt 0:03:48]} 20. Bb6 {[%emt 0:04:14]} b4 {[%emt 0:10:14]} 21. Na2 {[%emt 0:00:09]} Nxe4 {[%emt 0:01:00]} 22. Qe3 {[%emt 0:03:00]} f5 {[%emt 0:09:12]} 23. Rd4 {[%emt 0:01:07]} Qc6 {[%emt 0:01:18]} 24. Rxb4 {[%emt 0:02:25]} d5 {[%emt 0:03:33]} 25. Bxd8 {[%emt 0:01:26]} Rxd8 {[%emt 0:02:21]} 26. Rb3 {[%emt 0:12:36]} Bc5 {[%emt 0:04:09]} 27. Qe2 {[%emt 0:00:06]} Qxa4 {[%emt 0:00:59]} 28. Nc3 {[%emt 0:01:11]} Qa5 {[%emt 0:00:08]} 29. Nxe4 {[%emt 0:01:37]} dxe4 {[%emt 0:01:09]} 30. Rc3 {[%emt 0:02:29]} Kb7 {[%emt 0:01:27]} 31. Ne5 {[%emt 0:00:53]} Bb4 {[%emt 0:00:28]} 32. Rb3 {[%emt 0:00:39]} Ba4 {[%emt 0:00:47]} 33. Nc6 {[%emt 0:00:34]} Kxc6 {[%emt 0:01:07]} 34. Qc4+ {[%emt 0:00:08]} Bc5 {[%emt 0:01:35]} 35. Qxe6+ {[%emt 0:00:31]} Kc7 {[%emt 0:00:13]} 36. Rc3 {[%emt 0:00:25]} Bc6 {[%emt 0:02:37]} 37. Qe5+ {[%emt 0:00:52]} Kb6 {[%emt 0:00:28]} 38. Rb3+ {[%emt 0:00:26]} Ka7 {[%emt 0:01:27]} 39. Rc1 {[%emt 0:00:35]} Bb6 {[%emt 0:01:12]} 40. Qxg7+ {[%emt 0:00:00]} Bb7 {[%emt 0:00:00]} 41. Qxh6 {[%emt 0:03:34]} e3 {[%emt 0:03:06]} 42. Qe6 {[%emt 0:03:38]} Be4 {[%emt 0:01:39]} 43. Qe7+ {[%emt 0:00:43]} Ka8 {[%emt 0:02:00]} 44. Ra3 {[%emt 0:04:14]} Qb5 {[%emt 0:00:41]} 45. g4 {[%emt 0:00:07]} Rd7 {[%emt 0:15:17]} 46. Qe6 {[%emt 0:03:51]} Kb7 {[%emt 0:04:35]} 47. Rb3 {[%emt 0:00:39]} Qc6 {[%emt 0:00:09]} 48. gxf5 {[%emt 0:02:44]} e2 {[%emt 0:02:39]} 49. Rxb6+ {[%emt 0:09:35]} Kxb6 {[%emt 0:00:13]} 50. Qb3+ {[%emt 0:00:10]} Kc7 {[%emt 0:00:24]} 51. Qe3 {[%emt 0:00:21]} Bxc2+ {[%emt 0:02:49]} 52. Rxc2 {[%emt 0:00:08]} Rd1+ {[%emt 0:00:06]} 53. Ka2 {[%emt 0:00:03]} Qxc2 {[%emt 0:00:06]} 54. Qa7+ {[%emt 0:00:12]} Kd8 {[%emt 0:01:34]} 55. Qb6+ {[%emt 0:00:14]} Qc7 {[%emt 0:01:03]} 56. Qf6+ {[%emt 0:00:06]} Qe7 {[%emt 0:00:10]} 57. Qb6+ {[%emt 0:00:06]} Ke8 {[%emt 0:00:35]} 58. Qg6+ {[%emt 0:00:22]} Qf7+ {[%emt 0:00:04]} 0-1

[Event "IIFL Wealth 4th Mumbai GM"]
[Site "Mumbai"]
[Date "2019.01.05"]
[Round "7"]
[White "Kulkarni, Vikramaditya"]
[Black "Stupak, Kirill"]
[Result "0-1"]
[WhiteElo "2345"]
[BlackElo "2557"]
[Annotator "RC"]
[PlyCount "74"]
[EventDate "2018.12.30"]
[EventType "swiss"]
[EventCountry "IND"]
[SourceTitle "playchess.com"]
[Source "ChessBase"]
[SourceQuality "1"]
[TimeControl "40/5400+30:1800+30"]

1. c4 {[%emt 0:00:00]} c5 {[%emt 0:00:17]} 2. Nf3 {[%emt 0:00:01]} Nc6 {[%emt 0:00:13]} 3. Nc3 {[%emt 0:00:12]} g6 {[%emt 0:00:49]} 4. d4 {[%emt 0:06:18]} cxd4 {[%emt 0:00:57]} 5. Nxd4 {[%emt 0:00:03]} Bg7 {[%emt 0:00:04]} 6. Nc2 {[%emt 0:00:10]} d6 {[%emt 0:04:08]} 7. e4 Bxc3+ {[%emt 0:02:55]} 8. bxc3 {[%emt 0:00:26]} Qa5 {[%emt 0:00:19]} 9. Be2 {[%emt 0:06:27]} Nf6 {[%emt 0:02:51]} 10. f3 {[%emt 0:01:09]} Be6 {[%emt 0:03:06]} 11. O-O {[%emt 0:06:10]} Rc8 {[%emt 0:09:43]} 12. Bh6 {[%emt 0:08:51]} Qxc3 {[%emt 0:02:11]} 13. Rb1 {[%emt 0:01:25]} Bxc4 {[%emt 0:07:07]} 14. Bxc4 {[%emt 0:03:50]} Qxc4 {[%emt 0:00:02]} 15. Ne3 {[%emt 0:01:47]} Qc5 {[%emt 0:00:57]} 16. Kh1 {[%emt 0:00:32]} Nd7 {[%emt 0:01:59]} 17. Rxb7 {[%emt 0:01:02]} Nd8 {[%emt 0:26:38]} 18. Rb1 {[%emt 0:02:35]} f6 {[%emt 0:07:59]} 19. Rf2 {[%emt 0:14:26]} Qh5 {[%emt 0:06:36]} 20. Bf4 {[%emt 0:00:24]} Ne6 {[%emt 0:01:49]} 21. Nd5 {[%emt 0:05:49]} Nxf4 {[%emt 0:03:19]} 22. Nxf4 {[%emt 0:00:21]} Qc5 {[%emt 0:00:41]} 23. Re2 {[%emt 0:05:11]} Nb6 {[%emt 0:01:49]} 24. h3 {[%emt 0:01:22]} Kf7 {[%emt 0:01:08]} 25. a4 {[%emt 0:01:34]} Rc7 {[%emt 0:11:04]} 26. a5 {[%emt 0:17:38]} Qxa5 {[%emt 0:00:02]} 27. Rxb6 {[%emt 0:00:13]} axb6 {[%emt 0:03:50]} 28. Qb3+ {[%emt 0:00:11]} d5 {[%emt 0:00:18]} 29. Kh2 {[%emt 0:06:41]} Rc3 {[%emt 0:00:21]} 30. Qb1 {[%emt 0:00:26]} d4 {[%emt 0:00:45]} 31. Nd5 {[%emt 0:00:46]} Rhc8 {[%emt 0:00:45]} 32. Ra2 {[%emt 0:03:07]} Ra3 {[%emt 0:00:03]} 33. Rb2 {[%emt 0:00:45]} Rc5 {[%emt 0:00:03]} 34. Rxb6 {[%emt 0:02:29]} Rxd5 {[%emt 0:00:01]} 35. exd5 {[%emt 0:00:08]} Qxd5 {[%emt 0:00:11]} 36. Qc1 {[%emt 0:00:35]} Rc3 {[%emt 0:00:41]} 37. Qh6 {[%emt 0:00:19]} Qh5 {[%emt 0:01:45]} 0-1